| 000 | 00869nam a22002417a 4500 | ||
|---|---|---|---|
| 999 |
_c20915 _d20915 |
||
| 003 | AR-CdUCM | ||
| 008 | 190402b ||||| |||| 00| 0 spa d | ||
| 040 |
_aMUNICIPALIDAD PROVINCIAL DEL CUSCO _cBIBLIOTECA MUNICIPAL DEL CUSCO |
||
| 082 |
_aEP / 372.225 / _bW47 |
||
| 100 |
_aWerner, Jane _943644 |
||
| 245 |
_aRelatos bíblicos : _bNuevo testamento / |
||
| 260 |
_c1963. _aEspaña : _bCantábricas, |
||
| 300 |
_bIlustraciones, _c34 cm. _a96 páginas ; |
||
| 500 | _aTexto sin numeración | ||
| 505 | _aContenido :La profecía de Isaías -- Jesús comienza su ministerio -- Los milagros y enseñanzas de Jesús enojan a los fariseos... | ||
| 650 |
_a Literatura infantil _9588 |
||
| 650 |
_aReligión _91195 |
||
| 650 |
_aCristianismo _92910 |
||
| 700 |
_aHartman, Charles _943645 |
||
| 700 |
_aProvensen, Martin _943646 |
||
| 942 |
_2ddc _cLIBROS |
||
| 945 | _arcc | ||